• 首页
  • 本馆介绍
  • 公告通知
  • 最新文献
  • 馆藏检索
  • 电子资源
  • 读者导购
  • 参考咨询
  • 我的图书馆
  • 登录
  • 详细信息显示
  • 放入我的书架
  • 预约/预借图书
  • 作者相关作品
  • 分类相关作品
  • 丛书相关作品
  • 出版社相关作品

书目信息

  • 表格格式
  • 工作单格式
  • 卡片格式
题名:
中学体育课教学
    
 
作者: 王寿生 著
分册:  
出版信息: 北京   教育科学出版社  1982
页数: 153页
开本: 19cm
丛书名:
单 册:
中图分类: G633.96
科图分类:
主题词: 体育-教学法--中学 , 教学法-体育--中学
电子资源:
ISBN:
000 00681nam0 2200241 45
001 0182003779
005 20060913103847.42
010    @dCNY0.46
091    @a7232.102
100    @a19950615d1982 demy0chiy0121 ea
101 0  @achi
102    @aCN@b110000
105    @ay z 000yy
200 10 @a中学体育课教学@Azhong xue ti yu ke jiao xue@f王寿生等著@FWang Shou Sheng Deng Zhu
210    @a北京@c教育科学出版社@d1982
215    @a153页@d19cm
606    @a体育-教学法@x中学
606    @a教学法-体育@x中学
690    @aG633.96@v3
701  0 @a王寿生@Awang shou sheng@4著
801  2 @aCN@bNLC@c20060913
801  0 @aCN@b上海图书馆@c20040506
905    @dG633.96@e106@b232731@f1
    
    中学体育课教学/王寿生等著.-北京:教育科学出版社,1982
    153页;19cm
    
    
    ISBN :CNY0.46
    
●
相关链接 在E读中查询图书 在五车中查询图书 在当当中查询图书 在豆瓣中查询图书


正题名:中学体育课教学     索取号:G633.96/106         预约/预借

序号 登录号 条形码 馆藏地/架位号 状态 备注
1 0232731   001940788   密集书库/ [索取号:G633.96/106] 在馆    
2 0232732   000259311   密集书库/ [索取号:G633.96/106] 在馆    
3 0232733   000259320   第一样本阅览室/ [索取号:G633.96/106] 在馆    
4 0472092   204720926   密集书库/ [索取号:G633.96/106] 在馆    
唐山师范学院图书馆 欢迎您!
大连网信软件有限公司© 版权所有